00857cam a22002294a 4500001000500000005001700005020001800022040004000040050002100080082001000101100002100111245008900132260003700221300006100258505000900319520015400328521002000482521002000502650004700522650002600569700003200595439820260106141843.0 a9780439856751 aDLCcDLCdIG#dBAKERdXY4dDLCbeng00aQP434.Z544b200200a612.81 aZiefert, Harriet10aYou can't taste a pickle with your ear /cHarriet Ziefert ; pictures by Amanda Haley aNew York : bScholastic ;c2002. a36 unnumbered pages : bcolor illustrations ; c26 cm . 0 aM . aExplores how each of the five senses is hard at work all day long providing information, warning of danger, and helping us enjoy the world around us. a550 bLexile  aM bRaz-Plus  0aSenses and sensationvJuvenile literature. 1aSenses and sensation.1 aHaley, Amandaeillustrator